000 00707 a2200193 4500
003 Nust
005 20221104150100.0
010 _a 90046217
020 _a8187226528
040 _cNust
082 0 0 _a510,THO
100 1 _a Thomas,Hanry
_9102390
245 1 0 _aMastering mathematics /
_c Henry Thomas
260 _a Delhi :
_b Shbhi Pub. Co.,
_cc2000.
300 _ax, 348p. :
_bill. ;
_c23 cm.
505 _aPart I: The fundamentals of mathematics (Page-3), Part 2: The practical uses of Mathematics ,Mathematics for business,mathematics for the home (Page-183), Part 3.Mathematics for entertainment (Page-339).
650 0 _aMathematics
_x Mastering mathematics :
_9102391
942 _2ddc
_cBK
_k510,THO
999 _c180152
_d180152